<?xml version="1.0" encoding="UTF-8"?><?xml-stylesheet type="text/xsl" href="static/style.xsl"?><OAI-PMH xmlns="http://www.openarchives.org/OAI/2.0/" xmlns:xsi="http://www.w3.org/2001/XMLSchema-instance" xsi:schemaLocation="http://www.openarchives.org/OAI/2.0/ http://www.openarchives.org/OAI/2.0/OAI-PMH.xsd"><responseDate>2026-04-14T02:39:56Z</responseDate><request verb="GetRecord" identifier="oai:www.recercat.cat:11351/13711" metadataPrefix="marc">https://recercat.cat/oai/request</request><GetRecord><record><header><identifier>oai:recercat.cat:11351/13711</identifier><datestamp>2025-10-24T10:20:45Z</datestamp><setSpec>com_2072_378070</setSpec><setSpec>com_2072_378040</setSpec><setSpec>col_2072_378092</setSpec></header><metadata><record xmlns="http://www.loc.gov/MARC21/slim" xmlns:dcterms="http://purl.org/dc/terms/" xmlns:xsi="http://www.w3.org/2001/XMLSchema-instance" xmlns:doc="http://www.lyncode.com/xoai" xsi:schemaLocation="http://www.loc.gov/MARC21/slim http://www.loc.gov/standards/marcxml/schema/MARC21slim.xsd">
   <leader>00925njm 22002777a 4500</leader>
   <datafield ind2=" " ind1=" " tag="042">
      <subfield code="a">dc</subfield>
   </datafield>
   <datafield ind2=" " ind1=" " tag="720">
      <subfield code="a">Szymczak, Wendy</subfield>
      <subfield code="e">author</subfield>
   </datafield>
   <datafield ind2=" " ind1=" " tag="720">
      <subfield code="a">Engsbro, Anne Line</subfield>
      <subfield code="e">author</subfield>
   </datafield>
   <datafield ind2=" " ind1=" " tag="720">
      <subfield code="a">Lisby, Jan Gorm</subfield>
      <subfield code="e">author</subfield>
   </datafield>
   <datafield ind2=" " ind1=" " tag="720">
      <subfield code="a">Granato, Paul</subfield>
      <subfield code="e">author</subfield>
   </datafield>
   <datafield ind2=" " ind1=" " tag="720">
      <subfield code="a">Ledeboer, Nathan</subfield>
      <subfield code="e">author</subfield>
   </datafield>
   <datafield ind2=" " ind1=" " tag="720">
      <subfield code="a">González-López, Juan José</subfield>
      <subfield code="e">author</subfield>
   </datafield>
   <datafield ind2=" " ind1=" " tag="260">
      <subfield code="c">2025-09-22T10:04:47Z</subfield>
   </datafield>
   <datafield ind2=" " ind1=" " tag="260">
      <subfield code="c">2025-09-22T10:04:47Z</subfield>
   </datafield>
   <datafield ind2=" " ind1=" " tag="260">
      <subfield code="c">2025-08</subfield>
   </datafield>
   <datafield ind2=" " ind1=" " tag="520">
      <subfield code="a">Diarrhea; Ggastrointestinal infection; Syndromic testing</subfield>
   </datafield>
   <datafield ind2=" " ind1=" " tag="520">
      <subfield code="a">Diarrea; Infección gastrointestinal; Pruebas sindrómicas</subfield>
   </datafield>
   <datafield ind2=" " ind1=" " tag="520">
      <subfield code="a">Diarrea; Infecció gastrointestinal; Proves sindròmiques</subfield>
   </datafield>
   <datafield ind2=" " ind1=" " tag="520">
      <subfield code="a">The QIAstat-Dx Gastrointestinal Panel 2 (GI2 Panel) is a sample-to-answer multiplex PCR instrument that can detect 17 targets in a run time of about 80 minutes. The performance of the QIAstat-Dx GI2 Panel was evaluated by testing 1,939 prospective, 119 prospectively collected and then archived positive clinical samples and 750 retrospective clinical specimens across 13 sites in Europe and the United States. Specimens tested included bulk stool samples preserved in modified Cary-Blair transport medium. For most targets, results were compared to those of the FilmArray GI panel (13/17), and discordant results were adjudicated with a third assay. For the remaining targets (4/17), a composite comparator method was used, which included three comparator assays for each target. Before discordant resolution, the QIAstat-Dx GI2 Panel positive percent agreement (PPA) was 95% or greater for 5/17 targets (Campylobacter, E. coli O157, Cryptosporidium, Cyclospora cayetanensis, and Giardia lamblia) and 90% or greater for 11/17 targets: adenovirus F40/F41, astrovirus, norovirus GI/GII, rotavirus A, Plesiomonas shigelloides, enteropathogenic Escherichia coli, enterotoxigenic E. coli, Salmonella, Yersinia enterocolitica, Shiga-like toxin E. coli (STEC) stx1/stx2, and Shigella/enteroinvasive E. coli. No cases of Entamoeba histolytica were encountered during the clinical study. The negative percent agreement (NPA) was >98.9% for all QIAstat-Dx GI2 Panel targets. The three most common pathogens identified in single and co-infections were enteropathogenic E. coli (9.9%), Campylobacter (5.2%), and norovirus GI/GII (3.1%). In summary, this clinical study examined more than 2,800 samples from Europe and the U.S. using the QIAstat-Dx GI2 Panel and identified 90%-100% PPA and 99% NPA for its 17 targets.IMPORTANCEThe manuscript highlights the significance and impact of the QIAstat-Dx GI2 Panel, a sample-to-answer multiplex PCR instrument capable of detecting 17 targets in approximately 80 minutes. This comprehensive clinical study, conducted across 13 sites in Europe and the United States, evaluated the performance of the panel using over 2,800 clinical samples. The results demonstrate a high accuracy of the QIAstat-Dx GI2 panel, with a PPA equal to or higher than 90% for all targets and an NPA greater than 98.9% for all targets. These findings underscore the reliability and effectiveness of the GI2 panel in the rapid and precise detection of gastrointestinal pathogens, which is crucial for timely diagnosis and treatment of infections.</subfield>
   </datafield>
   <datafield ind1="8" ind2=" " tag="024">
      <subfield code="a">http://hdl.handle.net/11351/13711</subfield>
   </datafield>
   <datafield tag="653" ind2=" " ind1=" ">
      <subfield code="a">Gastroenteritis - Diagnòstic molecular</subfield>
   </datafield>
   <datafield tag="653" ind2=" " ind1=" ">
      <subfield code="a">Reacció en cadena de la polimerasa</subfield>
   </datafield>
   <datafield tag="653" ind2=" " ind1=" ">
      <subfield code="a">DISEASES::Digestive System Diseases::Gastrointestinal Diseases::Gastroenteritis</subfield>
   </datafield>
   <datafield tag="653" ind2=" " ind1=" ">
      <subfield code="a">Other subheadings::Other subheadings::/diagnosis</subfield>
   </datafield>
   <datafield tag="653" ind2=" " ind1=" ">
      <subfield code="a">ANALYTICAL, DIAGNOSTIC AND THERAPEUTIC TECHNIQUES, AND EQUIPMENT::Investigative Techniques::Genetic Techniques::Nucleic Acid Amplification Techniques::Polymerase Chain Reaction::Multiplex Polymerase Chain Reaction</subfield>
   </datafield>
   <datafield tag="653" ind2=" " ind1=" ">
      <subfield code="a">ENFERMEDADES::enfermedades del sistema digestivo::enfermedades gastrointestinales::gastroenteritis</subfield>
   </datafield>
   <datafield tag="653" ind2=" " ind1=" ">
      <subfield code="a">Otros calificadores::Otros calificadores::/diagnóstico</subfield>
   </datafield>
   <datafield tag="653" ind2=" " ind1=" ">
      <subfield code="a">TÉCNICAS Y EQUIPOS ANALÍTICOS, DIAGNÓSTICOS Y TERAPÉUTICOS::técnicas de investigación::técnicas genéticas::técnicas de amplificación de ácidos nucleicos::reacción en cadena de la polimerasa::reacción en cadena de la polimerasa múltiple</subfield>
   </datafield>
   <datafield ind2="0" ind1="0" tag="245">
      <subfield code="a">Multicenter evaluation of the QIAstat-Dx Gastrointestinal Panel 2, a multiplex PCR platform for the diagnosis of acute gastroenteritis</subfield>
   </datafield>
</record></metadata></record></GetRecord></OAI-PMH>